LEADER 01116nam a2200229 a 4500 001 000000112424 003 CaOOAMICUS 005 20080708114307.0 008 080708s2006 it m 000 0 ita d 040 $aPUL$bita$dMCT 100 1 $aBonfrate, Giuseppe.$0(OLS)http://pul/name/66829 245 11$a"Sequela futuri": l'omelia XXVII sul "Libro dei numeri" di Origene e la Parola di Dio nella vita cristiana /$cGiuseppe Bonfrate. 260 $aRoma :$b[s.n.],$c2006. 300 $a225 p. ;$c24 cm 502 $aEstratto dissertazione: Pontificia Universitas Gregoriana. Facultas theologiae, Roma, 2006. 504 $aBibliografia: pp. 201-219. 630 04$aBiblia.$pV.T.$pNumeri$xCommenti.$0(OLS)http://pul/subject/7431 850 $aPUL 852 $aPUL$W1$xDP1 Tesi Pon. Univ. Gregoriana$y40$m2006 B 10$j127976$qTesi$B127560$CPULBib$Z2$F127560 $H112424 $82 941 1 $a16 996 $6245$a"Sequela futuri": l'omelia XXVII sul "Libro dei numeri" di Origene e la Parola di Dio nella vita cristiana$9(OLS)http://pul/title/141290 996 $6260$aRoma :$b[s.n.]$9(OLS)http://pul/publisher/47958 LEADER 01566nam a2200313 u 4500 001 000000056355 003 CaOOAMICUS 005 20070226120450.0 008 010405s1982 sp u000 u spa u 020 $a8431307544 035 $a10871307 040 $aPUL(R)$bita 111 2 $aSimposio internacional de Teología$n(3 :$d1981 :$cPamplona).$0(OLS)http://pul/name/39538 245 10$aCristo, hijo de Dios y redentor del hombre :$bIII Simposio internacional de teología de la Universidad de Navarra /$cedición publicada bajo la dirección de Lucas F. Mateo-Seco ... [et al.]. 260 $aPamplona :$bEdiciones Universidad de Navarra,$c1982. 300 $a1020 p. ;$c25 cm 490 1 $aColección teológica 504 $aBibliografia in nota. 650 4$aTeologia dogmatica.$0(OLS)http://pul/subject/663 700 1 $aMateo Seco, Lucas Francisco.$0(OLS)http://pul/name/39539 710 2 $aUniversidad de Navarra.$bFacultad de Teología.$0(OLS)http://pul/name/23554 830 0$aColección teológica.$0(OLS)http://pul/title/11500 850 $aPUL 852 $aPUL$W1$xSL Religione 1$y3$m65 E 17$j73931$nBK-PRI$b $qStampati$B73931$CPULBib$Z2$F73931 $H $81 941 1 $a8 961 $aINV: 49618 996 $6020$a8431307544$9(OLS)http://pul/number/71033 996 $6245$aCristo, hijo de Dios y redentor del hombre :$bIII Simposio internacional de teología de la Universidad de Navarra$9(OLS)http://pul/title/75374 996 $6260$aPamplona :$bEdiciones Universidad de Navarra$9(OLS)http://pul/publisher/48150